[Event "ARG-ch Amateur U2000"]
[Site "La Falda"]
[Date "2015.12.05"]
[Round "1.4"]
[White "Pagano, Carlos"]
[Black "Godoy, Paola"]
[Result "0-1"]
[WhiteElo "1978"]
[BlackElo "1756"]
[PlyCount "36"]
[EventDate "2015.12.05"]
[EventType "swiss"]
[EventRounds "9"]
[EventCountry "ARG"]
[SourceTitle "EXT 2024"]
[Source "ChessBase"]
[SourceDate "2023.10.10"]
[SourceVersion "1"]
[SourceVersionDate "2023.10.10"]
[SourceQuality "1"]

1. e4 e5 2. Nf3 Nc6 3. d4 exd4 4. c3 d5 5. exd5 Qxd5 6. cxd4 Bg4 7. Be2 Nf6 8. Nc3 Bb4 9. 0-0 Qd7 10. Qa4 Bxc3 11. bxc3 0-0 12. Rb1 Rfe8 13. Be3 Nd5 14. Ne5 Rxe5 15. Bxg4 Qxg4 16. f3 Qg6 17. Bf2 Re7 18. Rfe1 Rae8 0-1